|
|
|
|
| LEADER |
01611nam a2200325 a 4500 |
| 001 |
0020907 |
| 003 |
BD-DhAAL |
| 008 |
100927s1966 bg w 000 0 eng d |
| 040 |
|
|
|a BD-DhAAL
|c BD-DhAAL
|
| 082 |
0 |
0 |
|a 348.5492046
|2 22
|
| 130 |
0 |
|
|a DLR
|9 4126
|
| 245 |
0 |
4 |
|a The Dacca Law Reports :
|b fortnightly law journal.
|n Volume XVIII /
|c Obaidul Haque Chowdhury, editor
|
| 246 |
1 |
7 |
|a The Dhaka Law Reports
|
| 260 |
|
|
|a Dacca [Bangladesh] :
|b Dacca Law Reports,
|c 1966.
|
| 300 |
|
|
|a 798 p. ;
|c 25 cm
|
| 362 |
0 |
|
|a Vol. 18 (1966)
|
| 500 |
|
|
|a Table of Cases of the Supreme Court of East Pakistan,Dacca.
|
| 500 |
|
|
|a "A journal of law reports."
|
| 500 |
|
|
|a Latest issue consulted: Vol.XVIII,January to December,1966
|
| 526 |
|
|
|a SOL
|x Saira Rahman Khan,
Associate Professor
School of Law
BRAC University
|
| 541 |
|
|
|e 0020907, 0022299
|a Anupam Gyan Bhandar
|
| 590 |
|
|
|a Published yearly.
|
| 650 |
|
0 |
|a Law reports, digests, etc.
|z Bangladesh.
|9 4127
|
| 650 |
|
0 |
|a Law reports, digests, etc.
|z India
|z Bengal.
|9 4128
|
| 710 |
1 |
|
|a Chowdhury, Obaidul Haque.
|9 3864
|
| 852 |
1 |
|
|a Ayesha Abed Library
|c Reference shelf
|
| 942 |
|
|
|2 ddc
|c 1HOUR
|
| 999 |
|
|
|c 10664
|d 10664
|
| 952 |
|
|
|0 0
|1 0
|2 ddc
|4 0
|6 348_549204600000000_DAC
|7 0
|8 REF
|9 16031
|a BRACUL
|b BRACUL
|c REF
|d 2011-04-10
|l 13
|o 348.5492046 DAC
|p 3010022299
|r 2018-08-01
|s 2018-08-01
|t 2
|w 2011-04-10
|y 1HOUR
|
| 952 |
|
|
|0 0
|1 0
|2 ddc
|4 0
|6 348_549204600000000_DAC
|7 0
|8 REF
|9 24031
|a BRACUL
|b BRACUL
|c REF
|d 2014-03-29
|e Anupam Gyan Bhandar
|l 0
|o 348.5492046 DAC
|p 3010020907
|r 2014-03-29
|t 1
|w 2014-03-29
|y 1HOUR
|x Requisitioned by Saira Rahman Khan, Associate Professor, School of Law, BRAC University.
|